000 00469nam a2200193Ia 4500
005 20250425161507.0
008 250425s9999 xx 000 0 und d
041 _aeng
082 _a622.3382
100 _aNIND, T.E.W.
245 0 _aPRINCIPLES OF OIL WELL PRODUCTION
250 _aS.E.
260 _aEstados Unidos
_bMCGRAW - HILL
_c1964
260 _aNEW YORK
300 _a364
650 _aPOZOS PETROLIFEROS-PRODUCCION
942 _c01
010 _a21527
999 _c210352
_d210352